Quizzes
Events
Quiz Creation
Community
Videos
Private Events
Remove Ads
Sign In
Join for FREE
Feedback
Dark Mode
Quiz Categories
Sports
Geography
Music
Movies
Television
Just For Fun
Miscellaneous
History
Literature
Language
Science
Gaming
Entertainment
Religion
Holiday
For Kids
Quiz Lab
Recent
Popular Today
Quiz Kudos Today
Editor Picks
Curator Picks
Quizzes by...
Day
Popularity
Type
Ratings
Length
Year
Community
Subscriptions
Recent Discussions
Orange Saloon
Badges
Playlists
Quests
Create
Leaderboards
Showdown
Live 5
Trivia Bingo
Activity
Puzzle Library
Sporcle Events
Private Events
Virtual Trivia
Globe League
Become a Host
Pub Owners
SporcleCon
Opinionation
Our Games
Videos
Blog
Mobile Apps
Partnerships
Remove Ads and Go Orange
Feedback
Sports
Athletes
MLB
NBA
NHL
NFL
Soccer
Sports Teams
WWE
NCAA
Football
Premier League
Basketball
Baseball
Hockey
Golf
Tennis
Cricket
Rugby
Auto Racing
Olympics
World Cup
Sports
Athletes
MLB
NBA
NHL
NFL
Soccer
Sports Teams
WWE
NCAA
Football
Premier League
Basketball
Baseball
Hockey
Golf
Tennis
Cricket
Rugby
Auto Racing
Olympics
World Cup
Random Quiz
Search Sporcle
×
Quiz Lab
Quiz Lab
Sports
NHL
Type in answers that appear in a list
Type in answers that appear in a list
Classic
Best Score? Go Orange.
NHL Atlantic Division Champions Stats
Can you name the NHL Atlantic Division Champions? (Includes Northeast (1993-2013) and Adams (1974-1993) Divisions)
By
sasquatch8879
5m
39 Questions
110 Plays
110 Plays
110 Plays
Comments
Comments
Give Quiz Kudos
Give Quiz Kudos
-
- Ratings
hide this ad
Forced Order
Answers have to be entered in order
Answers have to be entered in order
Replay
Link that replays current quiz
Next Quiz
Link to next quiz in quiz playlist
You Got
0%
They Got
Avg Score
72%
Avg Friend Score
Upgrade to see
Score Distribution
Jump to the score distribution portion of the page
Score
0/39
Timer
05:00
0
Plays Today
Season
Team
% Correct
2011-
2012
Boston Bruins
99.1%
2010-
2011
Boston Bruins
99.1%
2012-
2013
Montreal Canadiens
98%
2013-
2014
Boston Bruins
98%
2008-
2009
Boston Bruins
97.3%
2003-
2004
Boston Bruins
96.4%
2009-
2010
Buffalo Sabres
95.5%
2001-
2002
Boston Bruins
94.5%
2007-
2008
Montreal Canadiens
93.6%
2006-
2007
Buffalo Sabres
92.7%
2005-
2006
Ottawa Senators
92.7%
2002-
2003
Ottawa Senators
92.7%
2000-
2001
Ottawa Senators
92.7%
1999-
2000
Toronto Maple Leafs
88.2%
1998-
1999
Ottawa Senators
88.2%
1996-
1997
Buffalo Sabres
71.8%
1992-
1993
Boston Bruins
70.9%
1990-
1991
Boston Bruins
69.1%
1989-
1990
Boston Bruins
69.1%
1987-
1988
Montreal Canadiens
69.1%
Season
Team
% Correct
1988-
1989
Montreal Canadiens
68.2%
1991-
1992
Montreal Canadiens
67.3%
1983-
1984
Boston Bruins
65.5%
1984-
1985
Montreal Canadiens
65.5%
1981-
1982
Montreal Canadiens
65.5%
1997-
1998
Pittsburgh Penguins
64.5%
1982-
1983
Boston Bruins
64.5%
1995-
1996
Pittsburgh Penguins
61.8%
1986-
1987
Hartford Whalers
61.8%
1978-
1979
Boston Bruins
61.8%
1977-
1978
Boston Bruins
61.8%
1976-
1977
Boston Bruins
61.8%
1975-
1976
Boston Bruins
61.8%
1993-
1994
Pittsburgh Penguins
58.2%
1980-
1981
Buffalo Sabres
58.2%
1979-
1980
Buffalo Sabres
58.2%
1974-
1975
Buffalo Sabres
58.2%
1994-
1995
Quebec Nordiques
56.4%
1985-
1986
Quebec Nordiques
56.4%
Quiz Playlist
Details
Report
Send in Message
Add To Playlist
Classic:
Type in answers that appear in a list
Forced Order:
Answers have to be entered in order
Last Updated: Feb 16, 2017
Quiz Scoreboard
CHALLENGE
Sign Up to Join the Scoreboard
Show All
Scores
Hide
Comments
May contain spoilers
Recently Published
An Introduction to Baseball
by treessimontrees
Sports
5m
Movies - When Are They Set?
by FPL_Elf
Movies
5m
Popular People in 1961
by mucciniale
History
6m
More to Explore
Quiz From the Vault
Featured Blog Post
Where Did the Easter Bunny Come From?
hide this ad
You Might Also Like...
Tags
NHL Quiz
1974
champion
Division
Division Champions
season
team
Today's Top Quizzes in Sports
Browse Sports
hide this ad
Today's Top Quizzes in NHL
Browse NHL
Top Contributed Quizzes in Sports
1
Les meilleurs buteurs des matchs entre le PSG et l’OM
2
2022 World Cup Stars
3
FIFA Club World Cup Champions
4
Les entraîneurs de l'OM et du PSG au 21e siècle
5
Name the Premier League winners with different clubs
6
La finale Lions - Afrique du Sud 2021
7
Criteria MLB: Left Handed Sluggers
8
Les joueurs passés par le LOSC et le RC Lens
9
Players with Multiple 50 Home Run Seasons
10
MLB Players with Two .350 Batting Average Seasons
Explore More
Trending Topics
Kpop
Crossword
Harry Potter
Marvel
Anime
NBA
Disney
Song
Puzzle
WWE
Pokémon
NFL
Country
The Office
Soccer
hide this ad
More By:
sasquatch8879
Quiz
Plays
Rating
Category
Featured
Created
Bands Guitarists
238
3.17
Music
Apr 24, 2010
NHL Atlantic Division Champions
110
Sports
May 23, 2012
NHL Metropolitan Division Champions
82
Sports
Jul 21, 2014
NHL Central Division Champions
72
Sports
Jul 21, 2014
NHL Pacific Division Champions
68
Sports
Jul 21, 2014
Go to Creator's Profile
Score Distribution
Quiz Creator Spotlight
sasquatch8879
Follow
Send a Message
Quizzes Created
-
Created Quiz Play Count
-
More By This Creator
Popular Quizzes Today
1
Find the Countries of Europe - No Outlines Minefield
2
Find the US States - No Outlines Minefield
3
The Countries of the World
4
Popular People in 1961
5
US States
6
1-10 Letter E Words III
7
Find the US States
8
One Thing in Common: World Cities II
More Sports Quizzes
NCAA State Capital Schools
Published
Trending Quizzes
Risky Map Clicking: Least Populous States A-Z
1-10 Letter F Words
1-10 Letter G Words
One Thing in Common: United Kingdom
Risky Map Clicking: Next State Alphabetically
Recently Updated
Leaping Animals
pecheneg
Reality TV Shows (A-Z)
bhenderson79
Rickey Henderson's Hall of Fame Teammates
pecheneg
Champions League XIs: Arsenal
pecheneg
Quick Pick: Celebrities in WWE's Hall of Fame
aduchscher
A-Z Keypad Blitz II
pecheneg
Multiple Oscar Actors
pecheneg
Mystery Phrase Blitz: Oscar 'Best Actors'
pecheneg
F. Scott Fitzgerald Novels
LTH
Pick 3 Villains
ddd62291
Trending Topics
Anime
Disney
Crossword
Harry Potter
NBA
Marvel
Kpop
Song
Country
Soccer
NFL
Pokémon
The Office
WWE
Puzzle
Your Account Isn't Verified!
In order to create a playlist on Sporcle, you need to verify the email address you used during registration. Go to your
Sporcle Settings
to finish the process.
Report this User
Report this user for behavior that violates our
Community Guidelines
.
Details:
Send Report
Go to the Sporcle.com Mobile Site →
Comments